| 000 | 00673nam a2200265Ia 4500 | ||
|---|---|---|---|
| 001 | 21932 | ||
| 005 | 20240114000617.0 | ||
| 007 | ta | ||
| 008 | 060310s371H g b000 u 891 u | ||
| 040 | _aCotton College,Assam | ||
| 041 | _a891 | ||
| 082 |
_a891.551 _bR 339 K |
||
| 100 | _aShahi, Zahangir . | ||
| 245 | 0 |
_aDiwan-E-Kamil-Zami / _cZahangir Shahi. _hTextual Documents |
|
| 250 | _a1st ed. / | ||
| 260 |
_aDelhi : _bDiroj Rashid , _c1371Hij. |
||
| 300 |
_a955p. ; _c23cm. |
||
| 653 | _aPersian | ||
| 653 | _aPersian literature | ||
| 653 | _aG-Persian | ||
| 653 | _aPersian Poetry | ||
| 942 |
_2ddc _cBK |
||
| 999 |
_c21914 _d21914 |
||